000 00492nam a2200181 a 4500
001 13572
003 CO-ViMGA
008 141112s2004 ck r 000 u spa d
020 _a9800102434
040 _aCO-ViMGA
_bspa
_cCO-ViMGA
082 0 4 _aVe863 A718n
100 1 _aAraujo, Orlando
_919781
245 1 0 _aNarrativa venezolana contemporanea
260 _aCaracas :
_bMonte Avila,
_c1988
300 _a355
650 1 4 _aNOVELA VENEZOLANA - CRITICA E INTERPRETACION
_919782
942 _2ddc
_cBK
999 _c24296
_d24296